000
00319nam a2200133Ia 4500
100
_a
Crandall/ S.H. & others
942
_c
RB
654
_a
Mechanics of solids
245
_a
Introduction to the mechanics of solids
260
_b
McGraw Hill
_a
New York
_c
1978
082
_a
620.105
300
_a
628
546
_a
ENGLISH
999
_c
31581
_d
31581